HP sorting hat song yr1 Quiz Stats

 Plays Quiz not verified by Sporcle

Score 0/180 Timer 15:00
0 Plays Today
% Correct
you
100%
may
100%
not
100%
think
100%
I'm
100%
pretty
100%
oh,
97.1%
But
97.1%
you
88.2%
see
88.2%
I'll
88.2%
eat
88.2%
myself
88.2%
if
88.2%
you
88.2%
can
88.2%
find
88.2%
don't
85.3%
judge
85.3%
on
85.3%
what
85.3%
smarter
82.4%
hat
82.4%
than
82.4%
me
82.4%
you
79.4%
a
76.5%
can
76.5%
your
76.5%
keep
73.5%
your
70.6%
and
70.6%
tall
70.6%
For
64.7%
I'm
64.7%
the
64.7%
Hogwarts
64.7%
Hat
64.7%
Sorting
64.7%
and
64.7%
can
64.7%
bowlers
61.8%
top hats
61.8%
sleek
61.8%
black
58.8%
I
58.8%
them
55.9%
all
55.9%
in
50%
the
50%
might
50%
you
50%
belong
50%
in
50%
Gryffindor
50%
where
50%
dwell
50%
the
50%
brave
50%
at
50%
% Correct
heart
50%
their
50%
daring
50%
nerve
50%
and
50%
chivalry
50%
set
50%
Gryffindors
50%
apart
50%
you
50%
might
50%
Hufflepuff
50%
where
50%
top
47.1%
there's
47.1%
nothing
47.1%
hidden
47.1%
your
47.1%
head
47.1%
sorting
47.1%
hat
47.1%
can't
47.1%
see
47.1%
so
47.1%
me
47.1%
on
47.1%
and
47.1%
will
47.1%
tell
47.1%
you
47.1%
where
47.1%
you
47.1%
ought
47.1%
to
47.1%
be
47.1%
belong
47.1%
in
47.1%
they
47.1%
are
47.1%
just
47.1%
and
47.1%
loyal
47.1%
and
47.1%
unafraid
47.1%
of
47.1%
or
47.1%
in
47.1%
wise
47.1%
old
47.1%
Ravenclaw
47.1%
if
47.1%
you've
47.1%
try
44.1%
I
44.1%
those
44.1%
Hufflepuffs
44.1%
are
44.1%
toil
44.1%
yet
44.1%
a
44.1%
% Correct
mind
44.1%
patient
41.2%
true
41.2%
or
41.2%
perhaps
41.2%
in
41.2%
Slytherin
41.2%
you'll
41.2%
your
41.2%
real
41.2%
friends
41.2%
for
41.2%
I'm
41.2%
a
41.2%
thinking
41.2%
cap
41.2%
of
38.2%
wit
38.2%
will
38.2%
always
38.2%
find
38.2%
their
38.2%
kind
38.2%
make
38.2%
those
38.2%
cunning
38.2%
so
38.2%
me
38.2%
on
38.2%
don't
38.2%
be
38.2%
afraid
38.2%
where
35.3%
those
35.3%
and
35.3%
learning
35.3%
any
35.3%
to
35.3%
achieve
35.3%
their
35.3%
ends
35.3%
put
35.3%
and
35.3%
don't
35.3%
get
35.3%
in
35.3%
flap
35.3%
your
35.3%
in
35.3%
safe
35.3%
hands
35.3%
though
35.3%
have
35.3%
none
35.3%
use
32.4%
means
32.4%
a
32.4%
I
32.4%
folks
29.4%
steady
26.5%

You're not logged in!

Compare scores with friends on all Sporcle quizzes.
OR
Log In

Show Comments

Extras

Created Nov 19, 2010SourceReportNominate
Tags:Harry Potter Quiz

Top Quizzes Today


Score Distribution

Your Account Isn't Verified!

In order to create a playlist on Sporcle, you need to verify the email address you used during registration. Go to your Sporcle Settings to finish the process.

Report this User

Report this user for behavior that violates our Community Guidelines.

Details: